[Event "Scottish International Open"]
[Site "Edinburgh, Scotland"]
[Date "2015.07.15"]
[Round "5"]
[White "McKay, Roderick M"]
[Black "Edwards, Jonathan"]
[Result "1-0"]
[WhiteElo "2338"]
[BlackElo "2182"]
[PlyCount "95"]
[EventDate "2015.??.??"]
[Source "ChessScotland"]
[SourceDate "2015.07.19"]
[WhiteClock "0:23:08"]
[BlackClock "0:20:46"]

1. f4 c5 2. Nf3 Nf6 3. d3 Nc6 4. e4 d5 5. e5 Ng8 6. Be2 Nh6 7. c3 Bg4 8. Na3 e6
9. Nc2 d4 10. O-O Nf5 11. Nfxd4 Bxe2 12. Nxe2 Qd7 13. Ng3 Nxg3 14. hxg3 O-O-O
15. Ne1 g5 16. Qe2 gxf4 17. gxf4 Ne7 18. Nf3 Qxd3 19. Qxd3 Rxd3 20. Kf2 Nf5 21.
g4 Nh6 22. Rg1 Rg8 23. Ng5 Be7 24. Be3 Nxg4+ 25. Rxg4 h6 26. Ke2 Rd7 27. Rh1
hxg5 28. Rh7 f5 29. exf6 Bxf6 30. Rxd7 Kxd7 31. fxg5 Be7 32. Kf3 Rg6 33. Ke4
Kc6 34. b3 b5 35. Rh4 Rg7 36. Rh5 a6 37. Rh6 Bd6 38. Rxe6 Kd7 39. Kd5 Be7 40.
g6 a5 41. c4 a4 42. cxb5 axb3 43. axb3 Rg8 44. Ra6 Rb8 45. Bg5 Rxb5 46. Ra7+
Ke8 47. Rxe7+ Kf8 48. g7+ 1-0

[Event "Scottish International Open"]
[Site "Edinburgh, Scotland"]
[Date "2015.07.15"]
[Round "5"]
[White "Morriss, Pete"]
[Black "Pritchett, Craig William"]
[Result "0-1"]
[WhiteElo "2075"]
[BlackElo "2324"]
[PlyCount "80"]
[EventDate "2015.??.??"]
[Source "ChessScotland"]
[SourceDate "2015.07.19"]
[WhiteClock "0:01:18"]
[BlackClock "0:01:36"]

1. b4 e5 2. Bb2 d6 3. c4 g6 4. e3 Bg7 5. Nf3 f5 6. d4 e4 7. Nfd2 Nf6 8. Nc3 O-O
9. h4 Be6 10. Ne2 Bf7 11. Nf4 c6 12. Be2 a5 13. b5 a4 14. Ba3 Re8 15. c5 dxc5
16. Bxc5 Nd5 17. Nxd5 cxd5 18. g3 Nd7 19. Rc1 Nxc5 20. Rxc5 Bf8 21. Rc1 Qa5 22.
O-O Rec8 23. Nb1 Be6 24. Qd2 Qxd2 25. Nxd2 Ba3 26. Rxc8+ Rxc8 27. Bd1 Bb4 28.
Nb1 a3 29. f3 Kf7 30. Kf2 Ke7 31. Bb3 Kd6 32. Rd1 Bd7 33. b6 Bb5 34. Nd2 Bd3
35. g4 Rc6 36. gxf5 gxf5 37. Ba4 Rxb6 38. Nf1 Bc3 39. Ng3 Rb2+ 40. Kg1 b5 0-1

[Event "Scottish International Open"]
[Site "Edinburgh, Scotland"]
[Date "2015.07.15"]
[Round "5"]
[White "Kafka, Graeme"]
[Black "Berry, Neil"]
[Result "0-1"]
[WhiteElo "2042"]
[BlackElo "2306"]
[PlyCount "80"]
[EventDate "2015.??.??"]
[Source "ChessScotland"]
[SourceDate "2015.07.19"]
[WhiteClock "0:01:56"]
[BlackClock "0:01:56"]

1. e4 e6 2. d4 d5 3. e5 c5 4. c3 Qb6 5. Nf3 Nc6 6. a3 Nh6 7. b4 cxd4 8. cxd4
Nf5 9. Bb2 Bd7 10. g4 Nfe7 11. Nc3 Ng6 12. h4 h5 13. Na4 Qd8 14. g5 b6 15. Rc1
a5 16. b5 Nce7 17. Qc2 Rc8 18. Qb3 Nf5 19. Bd3 Be7 20. Bxf5 exf5 21. Qxd5 Nf4
22. Qb3 Be6 23. Qd1 Bc4 24. Kd2 O-O 25. Ke3 Nd5+ 26. Kd2 Bxb5 27. Rxc8 Qxc8 28.
Nc3 Bc6 29. Qb3 Qb7 30. Ne2 Nc7 31. Rh3 Bd5 32. Qe3 Be4 33. Nc3 Nd5 34. Nxd5
Qxd5 35. Ne1 Rd8 36. Qb3 Qxe5 37. Qxb6 Qf4+ 38. Ke2 Qg4+ 39. f3 Qxh3 40. fxe4
Qg4+ 0-1

[Event "Scottish International Open"]
[Site "Edinburgh, Scotland"]
[Date "2015.07.15"]
[Round "5"]
[White "MacQueen, Calum"]
[Black "Gillies, Alex"]
[Result "1-0"]
[WhiteElo "2232"]
[BlackElo "1908"]
[PlyCount "73"]
[EventDate "2015.??.??"]
[Source "ChessScotland"]
[SourceDate "2015.07.19"]
[WhiteClock "0:38:25"]
[BlackClock "0:03:33"]

1. d4 Nf6 2. c4 e6 3. Nf3 b6 4. g3 Ba6 5. b3 Bb7 6. Bg2 Bb4+ 7. Bd2 a5 8. O-O
O-O 9. Nc3 d6 10. Qc2 Nbd7 11. Rfe1 Re8 12. e4 Bxc3 13. Bxc3 Bxe4 14. Rxe4 Nxe4
15. Qxe4 d5 16. Qc2 Nf8 17. Bb2 f6 18. Ne1 Qd6 19. Nd3 Rad8 20. c5 Qc6 21. f4
Nd7 22. Rc1 b5 23. Bf3 g6 24. h4 f5 25. h5 Re7 26. Kg2 gxh5 27. Rh1 Nf6 28.
Bxh5 Rg7 29. Ne5 Qb7 30. c6 Qa8 31. Bc3 Kf8 32. Be1 Qa7 33. Qd3 b4 34. Be2 Ke7
35. g4 fxg4 36. Bh4 Rh8 37. Nd7 1-0

[Event "Scottish International Open"]
[Site "Edinburgh, Scotland"]
[Date "2015.07.15"]
[Round "5"]
[White "Burnett, Walter"]
[Black "Tate, Alan"]
[Result "0-1"]
[WhiteElo "1983"]
[BlackElo "2335"]
[PlyCount "70"]
[EventDate "2015.??.??"]
[Source "ChessScotland"]
[SourceDate "2015.07.19"]
[WhiteClock "0:02:07"]
[BlackClock "0:17:45"]

1. e4 c6 2. d4 d5 3. Nc3 dxe4 4. Nxe4 Nd7 5. Bd3 Ngf6 6. Ng5 e6 7. Ne2 Bd6 8.
O-O h6 9. Nf3 Qc7 10. c4 c5 11. Re1 O-O 12. h3 a6 13. b4 b6 14. bxc5 bxc5 15.
Be3 Bb7 16. Nc3 cxd4 17. Nxd4 Rfd8 18. Qc2 Ne5 19. Nce2 Nxd3 20. Qxd3 e5 21.
Nf5 Be4 22. Nxh6+ gxh6 23. Qc3 Bf8 24. Ng3 Bg6 25. Bd2 Rd4 26. Qf3 Re8 27. Be3
Rd6 28. h4 Qxc4 29. h5 Bh7 30. Rec1 Qg4 31. Qb7 Nxh5 32. Nxh5 Qxh5 33. Bc5 Rde6
34. Bb6 Qg4 35. Rc3 Be4 0-1

[Event "Scottish International Open"]
[Site "Edinburgh, Scotland"]
[Date "2015.07.15"]
[Round "5"]
[White "Sreeves, Clement"]
[Black "Kynoch, Richard"]
[Result "1-0"]
[WhiteElo "2333"]
[BlackElo "1934"]
[PlyCount "65"]
[EventDate "2015.??.??"]
[Source "ChessScotland"]
[SourceDate "2015.07.19"]
[WhiteClock "0:08:18"]
[BlackClock "0:04:02"]

1. e4 e5 2. Nf3 d6 3. d4 exd4 4. Nxd4 Nf6 5. Nc3 Be7 6. Be2 O-O 7. O-O c5 8.
Nf5 Bxf5 9. exf5 Nc6 10. g4 d5 11. g5 Ne4 12. Nxe4 dxe4 13. Qxd8 Raxd8 14. c3
Rd5 15. Rd1 Rxd1+ 16. Bxd1 Ne5 17. Be2 c4 18. Be3 Rd8 19. h4 b6 20. Kg2 Nd3 21.
b3 Rc8 22. f3 exf3+ 23. Kxf3 Ne5+ 24. Ke4 f6 25. Bd4 b5 26. Bxe5 fxe5 27. bxc4
bxc4 28. Rb1 Rc7 29. Rb8+ Kf7 30. Rh8 Bf8 31. Bh5+ Ke7 32. f6+ Kd6 33. Rxf8 {
Kd5+} 1-0

[Event "Scottish International Open"]
[Site "Edinburgh, Scotland"]
[Date "2015.07.15"]
[Round "5"]
[White "Orr, Mark J L"]
[Black "Rubio, Luis"]
[Result "1-0"]
[WhiteElo "2260"]
[BlackElo "1826"]
[PlyCount "61"]
[EventDate "2015.??.??"]
[Source "ChessScotland"]
[SourceDate "2015.07.19"]
[WhiteClock "0:11:19"]
[BlackClock "0:02:11"]

1. c4 e6 2. Nc3 Nf6 3. e4 d5 4. e5 Nfd7 5. cxd5 Nxe5 6. d4 Ng6 7. dxe6 Bxe6 8.
d5 Bd7 9. Nf3 Be7 10. h3 O-O 11. Bc4 Bc8 12. O-O Nd7 13. Re1 a6 14. Bb3 b5 15.
Nd4 Bc5 16. Be3 Kh8 17. Rc1 Bb4 18. Nc6 Qh4 19. Nxb4 Qxb4 20. Ne2 Nde5 21. Nd4
Qd6 22. Nc6 Nxc6 23. Rxc6 Qd8 24. Qh5 Re8 25. Rec1 Re5 26. Qf3 Nh4 27. Qg3 Rh5
28. Qxc7 Qxc7 29. Rxc7 Bf5 30. g4 Nf3+ 31. Kg2 1-0

[Event "Scottish International Open"]
[Site "Edinburgh, Scotland"]
[Date "2015.07.15"]
[Round "5"]
[White "Bhopal, Raj"]
[Black "Schroer, Marcel"]
[Result "0-1"]
[WhiteElo "2006"]
[BlackElo "2183"]
[PlyCount "98"]
[EventDate "2015.??.??"]
[Source "ChessScotland"]
[SourceDate "2015.07.19"]
[WhiteClock "0:22:06"]
[BlackClock "0:46:53"]

1. d4 Nf6 2. Nf3 g6 3. Bf4 Bg7 4. e3 d6 5. h3 O-O 6. Be2 c5 7. c3 Qb6 8. Qb3
Be6 9. Qxb6 axb6 10. a3 Nc6 11. Nbd2 Rfc8 12. O-O Na5 13. Ng5 Bd7 14. b4 Nc6
15. Nc4 Nd5 16. Bf3 Nxf4 17. exf4 cxb4 18. Nxb6 bxc3 19. Be4 Bxd4 20. Nxa8 Rxa8
21. Bc2 Bg7 22. Nf3 Na5 23. Rfe1 Kf8 24. Reb1 Ra7 25. Rb4 Nc6 26. Rb6 Nd4 27.
Nxd4 Bxd4 28. Rb4 e5 29. a4 Bc5 30. Rc4 Be6 31. Rxc5 dxc5 32. Ra3 b5 33. Rxc3
bxa4 34. Ra3 exf4 35. Rxa4 Rxa4 36. Bxa4 Ke7 37. Kf1 Kd6 38. Ke2 Bc4+ 39. Kf3
Ke5 40. g3 Bd5+ 41. Ke2 fxg3 42. fxg3 Kd4 43. Kd2 c4 44. Bd7 c3+ 45. Kc2 Be6
46. Be8 Bxh3 47. Bxf7 Bf5+ 48. Kc1 Ke3 49. Bd5 h5 0-1

[Event "Scottish International Open"]
[Site "Edinburgh, Scotland"]
[Date "2015.07.15"]
[Round "5"]
[White "Jennings, Richard"]
[Black "Olson, Hamish"]
[Result "1/2-1/2"]
[WhiteElo "1767"]
[BlackElo "2079"]
[PlyCount "109"]
[EventDate "2015.??.??"]
[Source "ChessScotland"]
[SourceDate "2015.07.19"]

1. c4 g6 2. g3 Bg7 3. Bg2 Nf6 4. e4 O-O 5. Ne2 c5 6. O-O Nc6 7. Nbc3 Ne8 8. d3
Nc7 9. Be3 Ne6 10. Qd2 Ned4 11. Bh6 d6 12. Bxg7 Kxg7 13. Nxd4 Nxd4 14. Ne2
Nxe2+ 15. Qxe2 e5 16. f4 Bd7 17. f5 f6 18. g4 b5 19. Qd2 g5 20. h4 h6 21. Kf2
Rh8 22. Rh1 a5 23. Rh3 a4 24. Rah1 Qa5 25. Qxa5 Rxa5 26. hxg5 fxg5 27. Bf3 Raa8
28. Ke3 Rab8 29. R3h2 Be8 30. Bd1 Bf7 31. cxb5 Rxb5 32. Bxa4 Rb4 33. b3 Rb6 34.
Kd2 Rb7 35. Kc3 Bg8 36. Bc6 Rb6 37. Bd7 Rb8 38. Rb2 Bf7 39. Rbh2 Rbf8 40. a4 d5
41. Bc6 d4+ 42. Kb2 Rb8 43. Bb5 Rb6 44. Ka3 Ra8 45. Kb2 Rab8 46. Rc1 Rxb5 47.
axb5 Rxb5 48. Kc2 Rxb3 49. Rhh1 c4 50. dxc4 Bxc4 51. Rb1 Rc3+ 52. Kd2 Rd3+ 53.
Kc2 Rc3+ 54. Kd2 Rd3+ 55. Kc2 1/2-1/2

[Event "Scottish International Open"]
[Site "Edinburgh, Scotland"]
[Date "2015.07.15"]
[Round "5"]
[White "Underwood, James Robert"]
[Black "Palaniswamy, Raja S"]
[Result "1/2-1/2"]
[WhiteElo "1534"]
[BlackElo "2034"]
[PlyCount "57"]
[EventDate "2015.??.??"]
[Source "ChessScotland"]
[SourceDate "2015.07.19"]

1. c4 e5 2. Nc3 Nf6 3. g3 Bc5 4. Bg2 c6 5. e4 O-O 6. Nge2 Ng4 7. O-O Qf6 8. Qe1
Na6 9. a3 Qg6 10. b4 Be7 11. h3 Nh6 12. f4 f6 13. f5 Qe8 14. d3 Nf7 15. Be3 Nc7
16. Qf2 b6 17. d4 Ba6 18. c5 exd4 19. Bxd4 bxc5 20. Bxc5 Nb5 21. Rfd1 Bxc5 22.
Qxc5 Ne5 23. Nxb5 Bxb5 24. Nc3 Bc4 25. Rd4 Qf7 26. Nb1 a5 27. bxa5 Rfb8 28. Nd2
Rb5 29. Qd6 1/2-1/2

[Event "Scottish International Open"]
[Site "Edinburgh, Scotland"]
[Date "2015.07.15"]
[Round "5"]
[White "Smith, Stephen H"]
[Black "Van den Ouden, Lendert"]
[Result "0-1"]
[WhiteElo "1803"]
[BlackElo "2077"]
[PlyCount "126"]
[EventDate "2015.??.??"]
[Source "ChessScotland"]
[SourceDate "2015.07.19"]

1. e4 c5 2. Nf3 d6 3. d4 cxd4 4. Nxd4 Nf6 5. Nc3 a6 6. Be2 e5 7. Nb3 Be6 8. O-O
Nbd7 9. f4 Rc8 10. f5 Bc4 11. Bd3 Be7 12. Be3 O-O 13. g4 h6 14. Qf3 Bxd3 15.
cxd3 d5 16. exd5 Nb6 17. Bxb6 Qxb6+ 18. Kh1 Rfd8 19. h3 Bb4 20. Rac1 Bxc3 21.
Rxc3 Rxc3 22. bxc3 Nxd5 23. d4 exd4 24. cxd4 Qd6 25. Rf2 b6 26. Qe4 Nf6 27. Qe5
Qc6+ 28. Kh2 Re8 29. Qf4 Re1 30. Rf1 Qc2+ 31. Rf2 Re2 32. Rxe2 Qxe2+ 33. Kg1
Ne4 34. Nc1 Qd1+ 35. Kg2 Qxd4 36. Ne2 Qc4 37. Nc3 Qxc3 38. Qxe4 Qd2+ 39. Kg3
Qxa2 40. Qe8+ Kh7 41. Qd8 Qa3+ 42. Kg2 Qb2+ 43. Kg3 Qe5+ 44. Kg2 Qf6 45. Qd3 b5
46. Qb3 Qc6+ 47. Kg3 Qc4 48. Qb1 Kg8 49. Qa1 Qc7+ 50. Kf3 Qb7+ 51. Kg3 b4 52.
f6 g6 53. Qe5 Qc8 54. Qd6 a5 55. Qb6 Qa8 56. Qe3 Qf8 57. g5 hxg5 58. Qxg5 Qb8+
59. Kf2 b3 60. Qh6 Qf8 61. Qd2 a4 62. Qb2 Qa8 63. Kg3 a3 0-1

[Event "Scottish International Open"]
[Site "Edinburgh, Scotland"]
[Date "2015.07.15"]
[Round "5"]
[White "Brown, Alan M"]
[Black "Irving, Neil"]
[Result "1-0"]
[WhiteElo "2082"]
[BlackElo "1801"]
[PlyCount "63"]
[EventDate "2015.??.??"]
[Source "ChessScotland"]
[SourceDate "2015.07.19"]

1. d4 d5 2. c4 dxc4 3. e3 Nf6 4. Bxc4 e6 5. Nf3 c5 6. Nc3 a6 7. O-O b5 8. Bd3
cxd4 9. exd4 Be7 10. Ne5 Bb7 11. Be3 O-O 12. Rc1 Nc6 13. a3 Rc8 14. Bb1 Re8 15.
f4 g6 16. Ba2 b4 17. Nxc6 Bxc6 18. axb4 Bxb4 19. Bf2 Qa5 20. Bb3 Bb5 21. Ra1
Qc7 22. Nxb5 axb5 23. Bh4 Nd5 24. Qf3 Qc6 25. f5 gxf5 26. Qg3+ Kf8 27. Bxd5
exd5 28. Rxf5 Qh6 29. Rxf7+ Kxf7 30. Rf1+ Ke6 31. Qh3+ Kd6 32. Bg3+ 1-0

[Event "Scottish International Open"]
[Site "Edinburgh, Scotland"]
[Date "2015.07.15"]
[Round "5"]
[White "Moreby, James"]
[Black "Paul, Rabindra"]
[Result "0-1"]
[WhiteElo "1997"]
[BlackElo "1822"]
[PlyCount "106"]
[EventDate "2015.??.??"]
[Source "ChessScotland"]
[SourceDate "2015.07.19"]

1. e4 c6 2. d4 d5 3. f3 e6 4. Nc3 Bb4 5. Bd2 Nf6 6. e5 Nfd7 7. Nce2 Be7 8. c3
c5 9. f4 Nc6 10. Nf3 Qb6 11. Qc2 f6 12. g3 cxd4 13. cxd4 fxe5 14. fxe5 O-O 15.
Bg2 Rxf3 16. Bxf3 Nxd4 17. Nxd4 Qxd4 18. O-O-O Qxe5 19. Rhe1 Qf6 20. Rf1 Qg6
21. Qxg6 hxg6 22. Bc3 Bf6 23. Bg4 Kf7 24. Bh3 a5 25. g4 Ke7 26. Bxf6+ gxf6 27.
Rfe1 Kd6 28. Bf1 g5 29. Re3 Ne5 30. Be2 Bd7 31. Rh3 Ng6 32. Bd3 Nf4 33. Rh6 Rf8
34. Kd2 e5 35. Bf5 Bxf5 36. gxf5 Rf7 37. Rc1 d4 38. Rh8 Nd5 39. Rd8+ Rd7 40.
Rxd7+ Kxd7 41. Rc5 Ne3 42. Kd3 b6 43. Rc1 Nxf5 44. Rf1 Ke6 45. a3 Ne3 46. Rc1
Kd5 47. Rc8 e4+ 48. Ke2 Nc4 49. b3 d3+ 50. Kd1 Ne3+ 51. Kd2 Nf1+ 52. Ke1 Nxh2
53. Rf8 Ng4 0-1

[Event "Scottish International Open"]
[Site "Edinburgh, Scotland"]
[Date "2015.07.15"]
[Round "5"]
[White "O`Neil, Jim"]
[Black "Pannwitz, Kai"]
[Result "1-0"]
[WhiteElo "1967"]
[BlackElo "1797"]
[PlyCount "91"]
[EventDate "2015.??.??"]
[Source "ChessScotland"]
[SourceDate "2015.07.19"]

1. Nf3 Nf6 2. g3 d5 3. d3 g6 4. Bg2 Bg7 5. O-O O-O 6. Nbd2 d4 7. e4 dxe3 8.
fxe3 c6 9. e4 Qb6+ 10. Kh1 Be6 11. Nb3 Nbd7 12. Qe1 a5 13. Be3 Qc7 14. Nc5 Nxc5
15. Bxc5 Rad8 16. Ng5 Qe5 17. Nxe6 Qxe6 18. Bb6 Rd7 19. Bxa5 h5 20. Bc3 Ng4 21.
Bxg7 Kxg7 22. h3 Nf6 23. a3 Qe5 24. Rb1 c5 25. Qe3 c4 26. dxc4 Rc8 27. b3 b5
28. Rbd1 Rdc7 29. Qf4 Qe6 30. e5 Nh7 31. Bd5 Qxh3+ 32. Kg1 e6 33. Be4 bxc4 34.
bxc4 Ra7 35. a4 Qg4 36. a5 Rcc7 37. Qxg4 hxg4 38. c3 Ng5 39. Bg2 Rd7 40. Rd6
Kf8 41. Rfd1 Ke7 42. Rxd7+ Rxd7 43. Rxd7+ Kxd7 44. c5 Nf3+ 45. Bxf3 gxf3 46.
Kf2 1-0

[Event "Scottish International Open"]
[Site "Edinburgh, Scotland"]
[Date "2015.07.15"]
[Round "5"]
[White "Roth, Michael J"]
[Black "Walker, Duncan"]
[Result "1/2-1/2"]
[WhiteElo "1714"]
[BlackElo "1954"]
[PlyCount "55"]
[EventDate "2015.??.??"]
[Source "ChessScotland"]
[SourceDate "2015.07.19"]

1. d4 Nf6 2. Nf3 d5 3. c4 g6 4. Nc3 Bg7 5. cxd5 Nxd5 6. e4 Nxc3 7. bxc3 O-O 8.
Bc4 c5 9. O-O Nc6 10. Be3 Qa5 11. d5 Ne5 12. Nxe5 Bxe5 13. Rc1 Bxc3 14. d6 exd6
15. Qxd6 Bd4 16. Bxd4 cxd4 17. Qxd4 Bg4 18. f3 Rad8 19. Qf6 Bc8 20. Bd5 Rde8
21. Qd4 Rd8 22. a4 Be6 23. Rc5 Qb6 24. a5 Qa6 25. Qc4 Qxc4 26. Bxc4 Bxc4 27.
Rxc4 Rd2 28. Rc7 1/2-1/2

[Event "Scottish International Open"]
[Site "Edinburgh, Scotland"]
[Date "2015.07.15"]
[Round "5"]
[White "Gilfillan, Andrew"]
[Black "Heron, Donald"]
[Result "1-0"]
[WhiteElo "1953"]
[BlackElo "1714"]
[PlyCount "59"]
[EventDate "2015.??.??"]
[Source "ChessScotland"]
[SourceDate "2015.07.19"]

1. e4 e6 2. d3 d5 3. Nd2 Nf6 4. Ngf3 Bc5 5. e5 Nfd7 6. d4 Bb6 7. b4 a5 8. b5 c5
9. c3 O-O 10. Bd3 f5 11. Nf1 h6 12. Ng3 Rf7 13. Ba3 Qc7 14. Rc1 Nf8 15. c4 Nfd7
16. O-O g6 17. Re1 Re7 18. cxd5 exd5 19. Qb3 c4 20. Bxc4 dxc4 21. Rxc4 Qxc4 22.
Qxc4+ Re6 23. d5 Re8 24. e6 Nf6 25. e7 Nbd7 26. d6+ Kg7 27. Bb2 Bc5 28. Qe6 b6
29. Ne5 Nxe5 30. Qxe5 1-0

[Event "Scottish International Open"]
[Site "Edinburgh, Scotland"]
[Date "2015.07.15"]
[Round "5"]
[White "Giacometto, Mario"]
[Black "Nisbet, Charles"]
[Result "1-0"]
[WhiteElo "1952"]
[BlackElo "1636"]
[PlyCount "59"]
[EventDate "2015.??.??"]
[Source "ChessScotland"]
[SourceDate "2015.07.19"]

1. e4 Nf6 2. e5 Nd5 3. c4 Nb6 4. c5 Nd5 5. Nc3 e6 6. Bc4 Nxc3 7. dxc3 Nc6 8.
Nf3 Bxc5 9. Bg5 Be7 10. h4 d6 11. Qc2 Bd7 12. O-O-O Nxe5 13. Bxe7 Qxe7 14. Nxe5
dxe5 15. Qe4 Bc6 16. Qxe5 O-O 17. h5 h6 18. Rd4 Qg5+ 19. Qxg5 hxg5 20. Rg4 Kh7
21. Rxg5 Kh6 22. f4 Rad8 23. Rh3 Bd5 24. Bd3 f5 25. c4 Bc6 26. Rg6+ Kh7 27.
Rxe6 Bxg2 28. Rg3 Bc6 29. Re7 Rd7 30. Rgxg7+ 1-0

[Event "Scottish International Open"]
[Site "Edinburgh, Scotland"]
[Date "2015.07.15"]
[Round "5"]
[White "Ridge, Michael"]
[Black "Lawson, Robert"]
[Result "1/2-1/2"]
[WhiteElo "1917"]
[BlackElo "1628"]
[PlyCount "122"]
[EventDate "2015.??.??"]
[Source "ChessScotland"]
[SourceDate "2015.07.19"]

1. e4 d6 2. d4 Nf6 3. Nc3 g6 4. Be3 Bg7 5. Qd2 O-O 6. O-O-O c6 7. Bh6 b5 8. f3
b4 9. Nce2 Qa5 10. Kb1 Ba6 11. h4 Nbd7 12. h5 Rfc8 13. hxg6 fxg6 14. Bxg7 Kxg7
15. Qh6+ Kf7 16. Nh3 Nf8 17. Nc1 Bxf1 18. Rhxf1 Qb5 19. Rfe1 a5 20. e5 Nd5 21.
e6+ Kg8 22. Rd3 a4 23. Ng5 Nf4 24. Nxh7 Qh5 25. Qxf4 Qxh7 26. Rdd1 Qg7 27. Qg4
a3 28. b3 c5 29. Rh1 cxd4 30. Qxd4 Nxe6 31. Qxg7+ Kxg7 32. Rh4 Rab8 33. Nd3 g5
34. Rxb4 Rxb4 35. Nxb4 Nf4 36. g3 Ne2 37. Re1 Nc3+ 38. Kc1 Kf7 39. Kd2 e6 40.
Re3 Nb5 41. c4 Nd4 42. f4 g4 43. Kd3 Nf5 44. Re2 Rh8 45. Nc2 Nxg3 46. Rg2 Rh3
47. Nxa3 Nf5+ 48. Ke2 g3 49. Kf3 Rh1 50. Nb5 Nh4+ 51. Kxg3 Nxg2 52. Kxg2 Ra1
53. Nxd6+ Ke7 54. Nb5 Rxa2+ 55. Kf3 Rc2 56. Ke3 Kd7 57. Ke4 Re2+ 58. Kd3 Re1
59. Nd4 Rd1+ 60. Ke3 Re1+ 61. Kd3 Rd1+ 1/2-1/2

[Event "Scottish International Open"]
[Site "Edinburgh, Scotland"]
[Date "2015.07.15"]
[Round "5"]
[White "Shafi, Declan"]
[Black "Volland, Ben"]
[Result "1-0"]
[WhiteElo "1908"]
[BlackElo "1543"]
[PlyCount "69"]
[EventDate "2015.??.??"]
[Source "ChessScotland"]
[SourceDate "2015.07.19"]

1. d4 f5 2. Bg5 h6 3. Bh4 g5 4. e3 Bg7 5. Bg3 Nf6 6. Nc3 d5 7. h4 g4 8. h5 Nc6
9. Nge2 a6 10. Nf4 e6 11. Ng6 Rg8 12. f3 Ne7 13. Ne5 Bf8 14. Bf4 c6 15. Qd2 Qb6
16. O-O-O gxf3 17. gxf3 Rh8 18. Qh2 Bg7 19. Rg1 Rg8 20. Bd3 Bf8 21. Qh4 Nh7 22.
Ng6 Nxg6 23. hxg6 Ng5 24. Bxg5 hxg5 25. Qxg5 Be7 26. Qh5 Rg7 27. Qh8+ Bf8 28.
Ne2 Bd7 29. Nf4 O-O-O 30. Nh5 Re7 31. Qf6 Ree8 32. g7 Bd6 33. Qf7 Rg8 34. Nf6
Be8 35. Qxg8 1-0

[Event "Scottish International Open"]
[Site "Edinburgh, Scotland"]
[Date "2015.07.15"]
[Round "5"]
[White "Jelfs, Alan"]
[Black "McHarg, Steven"]
[Result "1/2-1/2"]
[WhiteElo "1889"]
[BlackElo "1476"]
[PlyCount "79"]
[EventDate "2015.??.??"]
[Source "ChessScotland"]
[SourceDate "2015.07.19"]

1. d4 d5 2. c4 e6 3. Nc3 Nf6 4. Bg5 Be7 5. Nf3 Nc6 6. e3 O-O 7. Be2 h6 8. Bh4
b6 9. O-O dxc4 10. Bxc4 Bb7 11. Rc1 Na5 12. Bd3 c5 13. Bg3 Nh5 14. Ne5 Nxg3 15.
hxg3 cxd4 16. exd4 Bf6 17. Re1 Qe7 18. Ne4 Bxe5 19. dxe5 Bxe4 20. Bxe4 Rad8 21.
Qe2 Rd4 22. Red1 Qb4 23. Rxd4 Qxd4 24. Bf3 Rd8 25. Rc7 g6 26. Rxa7 Nc4 27. b3
Nxe5 28. Rb7 Rc8 29. Kh2 Rc1 30. Qe3 Qa1 31. g4 Rh1+ 32. Kg3 g5 33. Be2 Qg1 34.
Rb8+ Kh7 35. Bd3+ f5 36. Rh8+ Kxh8 37. Qxe5+ Kh7 38. Qc7+ Kg8 39. Qd8+ Kf7 40.
Qd7+ 1/2-1/2

[Event "Scottish International Open"]
[Site "Edinburgh, Scotland"]
[Date "2015.07.15"]
[Round "5"]
[White "Heathwood, Richard"]
[Black "Durno, Joy"]
[Result "1-0"]
[WhiteElo "1672"]
[BlackElo "1886"]
[PlyCount "48"]
[EventDate "2015.??.??"]
[Source "ChessScotland"]
[SourceDate "2015.07.19"]

1. d4 Nf6 2. c4 c5 3. d5 e6 4. Nc3 exd5 5. cxd5 d6 6. e4 g6 7. Nge2 Bg7 8. Ng3
O-O 9. Be2 b6 10. O-O Ba6 11. Bxa6 Nxa6 12. Bf4 Nc7 13. Qd3 a6 14. a4 Ng4 15.
h3 Ne5 16. Bxe5 Bxe5 17. Nge2 Qd7 18. f4 Bg7 19. Rab1 b5 20. b3 Rae8 21. Rbe1
b4 22. Nd1 f5 23. exf5 Qxf5 24. Qxf5 Rxf5 1-0

[Event "Scottish International Open"]
[Site "Edinburgh, Scotland"]
[Date "2015.07.15"]
[Round "5"]
[White "Gray, Euan"]
[Black "Aitchison, A Keith"]
[Result "0-1"]
[WhiteElo "1629"]
[BlackElo "1837"]
[PlyCount "48"]
[EventDate "2015.??.??"]
[Source "ChessScotland"]
[SourceDate "2015.07.19"]

1. d4 Nf6 2. c4 g6 3. Nc3 d5 4. cxd5 Nxd5 5. e4 Nxc3 6. bxc3 Bg7 7. Be3 c5 8.
Rc1 O-O 9. Qd2 b6 10. Nf3 Bb7 11. Bd3 Nd7 12. O-O Nf6 13. d5 c4 14. Bc2 Rc8 15.
Rfe1 Ng4 16. Bf4 Nf6 17. a4 Rc5 18. Nd4 Qd7 19. Rb1 Nh5 20. Be3 f5 21. Ne6 f4
22. Bd4 Bxd4 23. Qxd4 f3 24. Nxf8 Qg4 0-1

[Event "Scottish International Open"]
[Site "Edinburgh, Scotland"]
[Date "2015.07.15"]
[Round "5"]
[White "Armaan, Jal Gala"]
[Black "Doyle, James"]
[Result "0-1"]
[WhiteElo "1551"]
[BlackElo "1962"]
[PlyCount "80"]
[EventDate "2015.??.??"]
[Source "ChessScotland"]
[SourceDate "2015.07.19"]

1. d4 Nf6 2. Nf3 d5 3. e3 Bg4 4. Nbd2 e6 5. Be2 Nbd7 6. b3 c6 7. Ne5 Bxe2 8.
Qxe2 Nxe5 9. dxe5 Nd7 10. f4 g6 11. Bb2 Qb6 12. Nf3 Bc5 13. Bd4 Bxd4 14. exd4
Qb4+ 15. Qd2 Qxd2+ 16. Kxd2 Ke7 17. h4 h5 18. b4 Nb6 19. Kc3 Nc4 20. Rae1 a5
21. Ra1 axb4+ 22. Kxb4 Ne3 23. Ne1 Ra6 24. Rh3 Nc4 25. Kb3 Rha8 26. a4 b5 27.
Nd3 Nd2+ 28. Kb4 Rxa4+ 29. Rxa4 Rxa4+ 30. Kc3 Nc4 31. Nc5 Ra3+ 32. Kb4 Rxh3 33.
gxh3 Ne3 34. c3 Nf5 35. Nb7 Nxh4 36. Kc5 Ng2 37. Kxc6 Nxf4 38. Nd6 Nxh3 39.
Nxb5 Nf4 40. Na3 h4 0-1

[Event "Scottish International Open"]
[Site "Edinburgh, Scotland"]
[Date "2015.07.15"]
[Round "5"]
[White "Veelenturf, Wim"]
[Black "Parks, Joe"]
[Result "0-1"]
[WhiteElo "1697"]
[BlackElo "1897"]
[PlyCount "70"]
[EventDate "2015.??.??"]
[Source "ChessScotland"]
[SourceDate "2015.07.19"]

1. e4 d5 2. exd5 Qxd5 3. d4 e5 4. dxe5 Qxd1+ 5. Kxd1 Nc6 6. Bb5 Bd7 7. e6 Bxe6
8. Bxc6+ bxc6 9. Be3 Nf6 10. Nf3 Ng4 11. Re1 Nxe3+ 12. fxe3 Bc5 13. Nbd2 O-O-O
14. Ke2 Rhe8 15. Kf2 f5 16. c3 f4 17. Nd4 fxe3+ 18. Rxe3 Rxd4 19. cxd4 Bxd4 20.
Nf3 Bb6 21. Rae1 Bxa2 22. Nd2 Rxe3 23. Rxe3 Bd5 24. g3 Kd7 25. Ke2 Bxe3 26.
Kxe3 Kd6 27. Nb1 Kc5 28. Kd3 Kb4 29. Nd2 c5 30. Kc2 a5 31. Kd3 a4 32. Kc2 c4
33. Kc1 c3 34. bxc3+ Kxc3 35. Nb1+ Kd3 0-1

[Event "Scottish International Open"]
[Site "Edinburgh, Scotland"]
[Date "2015.07.15"]
[Round "5"]
[White "Mollison, Jamie"]
[Black "Begg, David"]
[Result "1-0"]
[WhiteElo "1888"]
[BlackElo "1706"]
[PlyCount "55"]
[EventDate "2015.??.??"]
[Source "ChessScotland"]
[SourceDate "2015.07.19"]

1. Nf3 d5 2. b3 c5 3. e3 a6 4. Bb2 Nc6 5. d4 e6 6. a3 Nf6 7. Bd3 b5 8. dxc5
Bxc5 9. O-O Bd7 10. Nbd2 Qe7 11. Ne5 Nxe5 12. Bxe5 Bxa3 13. Qe2 b4 14. Rab1 O-O
15. f4 Ne4 16. Rf3 f6 17. Ba1 e5 18. Nxe4 dxe4 19. Bc4+ Kh8 20. Rh3 h6 21. fxe5
f5 22. e6 Rf6 23. Qh5 Raf8 24. Rf1 Bc8 25. Rxf5 Bxe6 26. Rxf6 Rxf6 27. Bxf6
Qxf6 28. Qe8+ 1-0